Central Library OPAC University of Rajshahi

Concord : american town / (Record no. 35385)

MARC details
000 -LEADER
fixed length control field 00617nam a22002177a 4500
001 - CONTROL NUMBER
control field 35385
003 - CONTROL NUMBER IDENTIFIER
rucl marc code BD-RjUL
005 - DATE AND TIME OF LATEST TRANSACTION
control field 20211209052318.0
008 - FIXED-LENGTH DATA ELEMENTS--GENERAL INFORMATION
fixed length control field 140524r1947 n ||||| |||| 001 0 eng d
035 ## - SYSTEM CONTROL NUMBER
System control number (BD-RjUL)35479
040 ## - CATALOGING SOURCE
Original cataloging agency BD-RjUL
Language of cataloging eng
Transcribing agency BD-RjUL
Modifying agency BD-RjUL
041 ## - LANGUAGE CODE
Language code of text/sound track or separate title eng
082 ## - DEWEY DECIMAL CLASSIFICATION NUMBER
Classification number 309.173
Author mark and year SCC 1947
100 1# - MAIN ENTRY--PERSONAL NAME
Personal name Scudder, Townsend
9 (RLIN) 107780
245 ## - TITLE STATEMENT
Title Concord : american town /
Statement of responsibility, etc. Townsend, Scudder
260 ## - PUBLICATION, DISTRIBUTION, ETC. (IMPRINT)
Place of publication, distribution, etc. Boston :
Name of publisher, distributor, etc. Little, Brown & Copany,
Date of publication, distribution, etc. [Reprinted 1947].
300 ## - PHYSICAL DESCRIPTION
Pagination 421 p. ;
Size 22 cm.
504 ## - BIBLIOGRAPHY, ETC. NOTE
Bibliography, etc Includes index.
650 ## - SUBJECT ADDED ENTRY--TOPICAL TERM
Topical term or geographic name as entry element Concord (Mass.) History
9 (RLIN) 107781
942 ## - ADDED ENTRY ELEMENTS (KOHA)
Source of classification or shelving scheme Dewey Decimal Classification
Koha item type Books
Holdings
Lost status Source of classification or shelving scheme Damaged status Not for loan Collection code Permanent Location Current Location Shelving location Date acquired Source of acquisition Cost, normal purchase price Total Checkouts Full call number Date last seen Copy number Koha item type
  Dewey Decimal Classification   Not For Loan Non-fiction Central Library, University of Rajshahi Central Library, University of Rajshahi Reading Room 26/02/1958 U.S.I.S. Dacca 0.00   309.173 SCC 1947 24/05/2014 C-1 Books